US States Containing the Letter N - Statistics

General Stats
  • This quiz has been taken 435 times
  • The average score is 31 of 33
Answer Stats
Answer % Correct
New York
99%
New Mexico
98%
Nebraska
97%
New Hampshire
97%
North Carolina
96%
North Dakota
96%
Washington
96%
New Jersey
95%
Virginia
95%
West Virginia
95%
Arizona
93%
Nevada
93%
Pennsylvania
93%
Wyoming
93%
California
92%
Kansas
92%
Montana
92%
Oregon
92%
Indiana
91%
Kentucky
91%
Louisiana
91%
Minnesota
91%
Vermont
91%
Wisconsin
91%
Arkansas
90%
Maine
90%
Rhode Island
90%
Tennessee
90%
Connecticut
89%
Maryland
88%
South Carolina
88%
Illinois
87%
Michigan
87%
No matching quizzes found
Score Distribution
Percent of People with Each Score
Percentile by Number Answered
Your Score History
You have not taken this quiz